Çomparative religious and philosophics / (Record no. 166353)

MARC details
000 -LEADER
fixed length control field 00677nam a22001937a 4500
005 - DATE AND TIME OF LATEST TRANSACTION
control field 20190722123207.0
010 ## - LCCN (DPL NO)
LC control number ENG-126030
020 ## - INTERNATIONAL STANDARD BOOK NUMBER
International Standard Book Number 9788178442174
Terms of availability 1495.00
035 ## - SYSTEM CONTROL NUMBER
System control number EN-109562
037 ## - SOURCE OF ACQUISITION
Source of stock number/acquisition DBAD/PUB
082 ## - DEWEY DECIMAL CLASSIFICATION NUMBER
Classification number 200.1
100 ## - MAIN ENTRY--PERSONAL NAME
Personal name Ravi Prakash 'Babloo '
245 ## - TITLE STATEMENT
Title Çomparative religious and philosophics /
Statement of responsibility, etc by Ravi Prakash 'Babloo'
260 ## - PUBLICATION, DISTRIBUTION, ETC. (IMPRINT)
Place of publication, distribution, etc New Delhi
Name of publisher, distributor, etc R.K. Pulblications
Date of publication, distribution, etc 2018
270 ## - ADDRESS
Address 4806/24, Bharat Ram Road, Darya Ganj
City New Delhi
Postal code 110002
Telephone number 011-23285167, 65185557
Electronic mail address info@kkpublications.com
300 ## - PHYSICAL DESCRIPTION
Extent viii,296p.
Dimensions 24cm(Hb)
500 ## - GENERAL NOTE
General note Includes bibliographical references and index
942 ## - ADDED ENTRY ELEMENTS (KOHA)
Source of classification or shelving scheme Dewey Decimal Classification
Item type English Books
Classification part 200.1
Call number suffix RAV
Holdings
Withdrawn status Lost status Not for loan Collection code Home library Current library Date acquired Source of acquisition Cost, normal purchase price Full call number Barcode Copy number Cost, replacement price Koha item type
      Non-fiction Sarojini Nagar Sarojini Nagar 22/07/2019 DBAD/PUB 1495.00 200.1 RAV EN-109562 1 1495.00 English Books

© Delhi Public Library
Hit Counter
free hit counter